000 02969nam a2200289 a 4500
003 OSt
005 20251110133703.0
007 cr ||||||a|c|a
008 230526s2020 mx ||||fom||| 001 0 s d
040 _erda
100 1 _9134029
_aTorres Ceballos, Diana Laura
245 1 0 _aEstimación y clasificación de las propiedades mecánicas de 149 especies mexicanas de importancia industrial con métodos no destructivos /
_cPor Diana Laura Torres Ceballos; director de tesis Amparo Borja de la Rosa.
264 1 _aChapingo, México :
_bEl autor,
_c2020
300 _a1 recurso en línea (93 páginas):
_bCuadros y figuras
336 _2rdacontent
_atexto
_btxt
337 _2rdamedia
_acomputadora
_bc
338 _2rdacarrier
_arecurso en línea
_bcr
502 _bMCCF
_cDICIFO
_d2020.
_gMAE
504 _aIncluye referencias bibliográficas: páginas 88-93.
520 _aEl conocimiento de las propiedades tecnológicas de las especies maderables es importante para elegir el aprovechamiento que se les dará a las mismas. De dichas propiedades destacan las mecánicas las cuales se obtienen a partir de pruebas destructivas de probetas de madera, sin embargo la tendencia mundial hacía la conservación de los recursos ha generado la creación de ensayos y modelos no destructivos para la estimación de éstas sin dañar el material experimental, por lo tanto el objetivo de esta investigación fue comparar dos modelos como métodos no destructivos para la estimación de las propiedades mecánicas de especies mexicanas y compararlas con las obtenidas por medio de un ensayo de ultrasonido. Se utilizaron 149 tabletas de dimensiones 0.13 x 0.7 x 0.01 m de largo, ancho y grueso a un contenido de humedad del 14%, se clasificaron en 3 grupos, Latifoliadas con 111 especies, Coníferas con 23 y uno del género Quercus con 14, se midieron el peso y volumen en estado saturado, en equilibrio y anhidro y se midió el tiempo de transmisión de la onda de ultrasonido en sentido longitudinal de las tabletas. Se calcularon las densidades básicas, en equilibrio y normal y se estimaron las propiedades mecánicas por medio de dos modelos de regresión. Con los tiempos de ultrasonido se calcularon las velocidades y con la densidad básica se estimaron los Módulos de Elasticidad de las especies. La comparación entre los modelos de regresión determinó que ambos son viables para estimar las propiedades mecánicas en especies mexicanas mientras que para la estimación de los módulos de elasticidad por ultrasonido se obtuvo un valor de 1.1432 para ajustar los valores obtenidos con el equipo Fakopp.
650 4 _969621
_aMadera
_xPropiedades y usos
650 4 _969607
_aMadera
_xEstructura
650 4 _969629
_aMadera
_xTecnología
700 0 _aBorja de la Rosa, María Amparo Máxima
_edirector.
_913880
856 _uhttp://10.13.5.2/tesis/tm/Torres_Ceballos_Diana_Laura.pdf
_zDESCARGAR PDF
942 _2Clasificación Universidad Autónoma Chapingo
_cTD
999 _c218841
_d218841